000
00305nam a2200133Ia 4500
008
230312s9999||||xx |||||||||||||| ||und||
082
_a
954
_b
SHE-J
100
_a
Sehri;inam R
245
0
_a
Judges & generals in Pakistan
260
_b
Inam
_a
pk
_c
2012
300
_a
333
650
_a
Literature
942
_c
BK
999
_c
1087
_d
1087